000 00567nam a2200181Ia 4500
003 GCL
008 140319s9999 xx 000 0 ara d
040 _aGCL /
_cGCL
082 0 4 _a810.9287
_bص ت
100 1 _aصنع الله ابراهيم
245 1 0 _aالتجربة الانثوية: محتارات من الادب النسائى العالمى /
_cصنع الله ابراهيم
300 _a227 ص
490 _a100 قصة
_v0
650 0 4 _aالادب العربى
650 0 4 _aالمرأة
650 0 4 _aالمرأة فى الادب
942 _2ddc
_cBK
999 _c45618
_d45618